Statistics for Pokemon that do not have two eyes

Click here to take the quiz!

General Stats

  • This quiz has been taken 44 times
    (43 since last reset)
  • The average score is 22 of 57

Answer Stats

GenerationPokemon% Correct
1Magnemite
68%
3Dusclops
65%
3Regirock
65%
3Registeel
65%
4Dusknoir
62%
1Magneton
62%
3Regice
62%
1Dodrio
59%
3Duskull
59%
4Regigigas
59%
1Doduo
56%
1Exeggcute
56%
1Exeggutor
56%
5Hydreigon
53%
4Magnezone
50%
8Regieleki
50%
1Zubat
50%
5Zweilous
50%
1Dugtrio
47%
8Regidrago
47%
2Unown
44%
5Joltik
38%
5Roggenrola
38%
7Stakataka
38%
3Claydol
35%
7Guzzlord
35%
1Starmie
35%
1Staryu
35%
6Aegislash
32%
5Galvantula
32%
6Honedge
32%
5Klang
32%
3Beldum
29%
7Celesteela
29%
7Kartana
29%
5Klink
29%
5Klinklang
29%
7Melmetal
29%
7Meltan
29%
7Nihilego
29%
1Weezing
29%
2Wobbuffet
29%
7Xurkitree
29%
6Binacle
26%
4Combee
26%
2Girafarig
26%
6Barbaracle
24%
5Sigilyph
24%
5Vanilluxe
24%
3Jirachi
21%
6Trevenant
21%
8Falinks
15%
8Rolycoly
15%
4Gastrodon
12%
6Gourgeist
12%
8Runerigus
12%
7Dhelmise
3%

Score Distribution

Percentile by Number Answered

Percent of People with Each Score

Your Score History

You have not taken this quiz since the last reset